LEADER 01454nam a2200445 i 4500 001 991001247519707536 005 20020507185939.0 008 930413s1986 de ||| | eng 020 $a3540168060 035 $ab10821107-39ule_inst 035 $aLE01309313$9ExL 040 $aDip.to Matematica$beng 084 $aAMS 31C25 084 $aAMS 43A05 084 $aAMS 43A85 084 $aAMS 46L50 084 $aAMS 60-06 084 $aAMS 60-XX 084 $aAMS 60B15 084 $aAMS 60G60 084 $aAMS 60J15 084 $aAMS 60J30 084 $aAMS 62H10 100 1 $aHeyer, Herbert$047694 245 10$aProbability measures on groups VIII :$bproc. of conf. held in Oberwolfach, FRG, November 10-26, 1985 250 $aed. H. Heyer 260 $aBerlin :$bSpringer-Verlag,$c1986 300 $ax, 386 p. ;$c24 cm. 490 0 $aLecture notes in mathematics,$x0075-8434 ;$v1210 650 4$aFactorization 650 4$aFourier transforms 650 4$aProbability measures on groups 650 4$aProbability theory$xCongresses 650 4$aStochastic processes$xCongresses 907 $a.b10821107$b23-02-17$c28-06-02 912 $a991001247519707536 945 $aLE013 60-XX HEY14 (1986)$g1$i2013000040462$lle013$o-$pE0.00$q-$rl$s- $t0$u0$v0$w0$x0$y.i10928121$z28-06-02 996 $aProbability measures on groups VIII$9924354 997 $aUNISALENTO 998 $ale013$b01-01-93$cm$da $e-$feng$gde $h0$i1 LEADER 01869nas 2200637-a 450 001 996213228003316 005 20230627152448.0 011 $a1557-7465 035 $a(OCoLC)41543681 035 $a(CKB)954925276510 035 $a(CONSER)--2005214532 035 $a(MiFhGG)2EPJ 035 $a(MiAaPQ)33572 035 $a(DE-599)ZDB2520754-4 035 $a(EXLCZ)99954925276510 100 $a19990615a19959999 s-- a 101 0 $aeng 135 $aurmnu|||||||| 181 $ctxt$2rdacontent 182 $cc$2rdamedia 183 $acr$2rdacarrier 200 10$aJournal of interferon & cytokine research 210 $a[Larchmont, NY] $cMary Ann Liebert, Inc 215 $a1 online resource 300 $aRefereed/Peer-reviewed 311 $a1079-9907 517 3 $aJournal of interferon and cytokine research 531 $aJ INTERFERON CYTOKINE RES 531 $aJ INTERF CYTOK RES 531 $aJ INTERF CY 531 $aJOURNAL OF INTERFERON AND CYTOKINE RESEARCH 531 $aJ. INTERFERON CYTOKINE RES 606 $aInterferon$vPeriodicals 606 $aCytokines$vPeriodicals 606 $aCytokines$vPeriodicals 606 $aInterferons$vPeriodicals 606 $aCytokines 606 $aInterferons 606 $aCytokines$2fast$3(OCoLC)fst00886268 606 $aInterferon$2fast$3(OCoLC)fst00976239 608 $aPeriodicals.$2fast 608 $aPeriodicals.$2lcgft 615 0$aInterferon 615 0$aCytokines 615 2$aCytokines 615 2$aInterferons 615 2$aCytokines. 615 2$aInterferons. 615 7$aCytokines. 615 7$aInterferon. 676 $a616 712 02$aInternational Society for Interferon and Cytokine Research, 906 $aJOURNAL 912 $a996213228003316 996 $aJournal of interferon & cytokine research$92368398 997 $aUNISA